100 important art pieces throughout history - Statistics

General Stats
  • This quiz has been taken 115 times
  • The average score is 38 of 100
Answer Stats
Picture Answer % Correct
Michelangelo
94%
Leonardo Da Vinci
90%
Vincent van Gogh
88%
Sandro Botticelli
86%
Raphael
81%
Salvador Dalí
81%
Andy Warhol
80%
Claude Monet
79%
Gustav Klimt
78%
Pablo Picasso
78%
Jan van Eyck
73%
Georges Seurat
71%
Jackson Pollock
71%
Johannes Vermeer
71%
Salvador Dalí
71%
Michelangelo
69%
Edgar Degas
65%
Rembrandt van Rijn
64%
Caravaggio
63%
Claude Monet
63%
Paul Gauguin
63%
Edouard Manet
61%
J M William Turner
61%
René Magritte
61%
Pablo Picasso
60%
René Magritte
59%
Auguste Renoir
58%
Edouard Manet
55%
Jacques-Louis David
54%
Vincent van Gogh
54%
Jacques-Louis David
53%
Caravaggio
51%
Edouard Manet
51%
Caravaggio
48%
Gian Lorenzo Bernini
48%
Paul Cézanne
48%
Caspar David Friedrich
46%
Giotto
46%
Hans Holbein
46%
Henri de Toulouse-Lautrec
44%
Albrecht Dürer
43%
Artemisia Gentileschi
41%
Georges Braque
40%
Marcel Duchamp
40%
Filippo Brunelleschi
39%
Pantheon, Rome
39%
Paul Gauguin
39%
Johannes Vermeer
38%
Jan & Hubert van Eyck
36%
Gustave Courbet
35%
Rembrandt van Rijn
33%
Camille Pissarro
31%
Jacques-Louis David
31%
Jean-Auguste-Dominique Ingres
31%
John Constable
31%
Raphael
31%
Andrea Mantegna
28%
Jean-Auguste-Dominique Ingres
28%
Caspar David Friedrich
24%
Peter Paul Rubens
24%
Piero della Francesca
24%
Gustave Courbet
23%
Umberto Boccioni
23%
Umberto Boccioni
23%
Nicolas Poussin
21%
Massacio
20%
Titian
20%
Berthe Morisot
19%
Simone Martini
19%
Tracey Emin
19%
Eugene Delacroix
18%
Giacomo Balla
18%
Pieter Bruegel the Elder
18%
Barbara Kruger
16%
Leon Battista Alberti
16%
Mary Cassatt
16%
Umberto Boccioni
16%
Andrea Palladio
15%
Frans Hals
15%
Piet Mondriaan
15%
Sir Joshua Reynolds
15%
Donato Bramante
14%
Paul Signac
14%
Pieter Bruegel the Elder
14%
Umberto Boccioni
14%
Leon Battista Alberti
13%
Sir Joshua Reynolds
13%
Tintoretto
13%
Pontormo
11%
Parmigiano
10%
Rogier van der Weyden
10%
Carlo Carra
9%
Jan Steen
9%
Chartes Cathedral, Chartes
8%
Domenico Ghirlandaio
8%
Limbourg brothers
8%
Annibale Carracci
6%
Gerrit Rietveld
6%
Jean Baptiste Siméon Chardin
5%
Willem Claesz Heda
5%
No matching quizzes found
Score Distribution
Percent of People with Each Score
Percentile by Number Answered
Your Score History
You have not taken this quiz